|
|
|
|
| LEADER |
00000nam0a2200000 4500 |
| 001 |
169981 |
| 005 |
20231101222846.0 |
| 010 |
|
|
|a 9785382008219
|
| 035 |
|
|
|a (RuTPU)RU\TPU\book\184351
|
| 035 |
|
|
|a RU\TPU\book\71910
|
| 090 |
|
|
|a 169981
|
| 100 |
|
|
|a 20091119d2008 km y0rusy50 ca
|
| 101 |
1 |
|
|a rus
|c eng
|
| 102 |
|
|
|a RU
|
| 105 |
|
|
|a a z 001zy
|
| 200 |
1 |
|
|a Элегантная Вселенная. Суперструны, скрытые размерности и поиски окончательной теории
|e пер. с англ.
|f Б. Грин
|
| 205 |
|
|
|a 4-е изд.
|
| 210 |
|
|
|a Москва
|c Едиториал УРСС
|d 2008
|
| 215 |
|
|
|a 286 с.
|c ил.
|
| 320 |
|
|
|a Библиогр.: с. 270.
|
| 320 |
|
|
|a Предметный указатель: с. 274-283.
|
| 320 |
|
|
|a Именной указатель: с. 271-273.
|
| 320 |
|
|
|a Словарь терминов: с. 264-269.
|
| 330 |
|
|
|a Книга Брайана Грина «Элегантная Вселенная» — увлекательнейшее путешествие по современной физике, которая как никогда ранее близка к пониманию того, как устроена Вселенная. Квантовый мир и теория относительности Эйнштейна, гипотеза Калуцы—Клейна и дополнительные измерения, теория суперструн и браны, Большой взрыв и мультивселенные — вот далеко не полный перечень обсуждаемых вопросов. Используя ясные аналогии, автор переводит сложные идеи современной физики и математики на образы, понятные всем и каждому. Брайан Грин срывает завесу таинства с теории струн, чтобы представить миру 11-мерную Вселенную, в которой ткань пространства рвется и восстанавливается, а вся материя порождена вибрациями микроскопических струн. Книга вызовет несомненный интерес как у специалистов естественно-научных дисциплин, так и у широкого круга читателей.
|
| 606 |
1 |
|
|a Квантовая теория
|2 stltpush
|3 (RuTPU)RU\TPU\subj\14220
|9 40676
|
| 606 |
1 |
|
|a Вселенная
|x Физика
|2 stltpush
|3 (RuTPU)RU\TPU\subj\3756
|9 32122
|
| 606 |
1 |
|
|a Астрофизика
|2 stltpush
|3 (RuTPU)RU\TPU\subj\29580
|9 52873
|
| 610 |
1 |
|
|a Вселенная
|
| 610 |
1 |
|
|a струны
|
| 610 |
1 |
|
|a суперструны
|
| 610 |
1 |
|
|a пространство
|
| 610 |
1 |
|
|a время
|
| 610 |
1 |
|
|a кванты
|
| 610 |
1 |
|
|a квантовая геометрия
|
| 610 |
1 |
|
|a М-теория
|
| 610 |
1 |
|
|a черные дыры
|
| 610 |
1 |
|
|a космология
|
| 610 |
1 |
|
|a физика
|
| 675 |
|
|
|a 530.145
|v 3
|
| 675 |
|
|
|a 524.85
|v 3
|
| 675 |
|
|
|a 52:53
|v 3
|
| 700 |
|
1 |
|a Грин
|b Б.
|g Брайан
|
| 801 |
|
1 |
|a RU
|b 63413507
|c 20040916
|g PSBO
|
| 801 |
|
2 |
|a RU
|b 63413507
|c 20150312
|g PSBO
|
| 900 |
|
|
|a Фундаментальные взаимодействия
|
| 942 |
|
|
|c BK
|